[Event "Kiev GP Anfield final"]
[Site "Kiev"]
[Date "2023.04.02"]
[Round "8"]
[White "Pyrig, Roman"]
[Black "Kapechun, Mikhailo"]
[Result "1/2-1/2"]
[WhiteElo "2072"]
[BlackElo "1600"]
[PlyCount "183"]
[EventDate "2023.04.01"]
[EventType "swiss (rapid)"]
[EventRounds "11"]
[EventCountry "UKR"]
[SourceTitle "CBM 213 Extra"]
[Source "ChessBase"]
[SourceDate "2023.05.31"]
[SourceVersion "1"]
[SourceVersionDate "2023.05.31"]
[SourceQuality "1"]

1. Nf3 Nf6 2. d3 d5 3. Nbd2 Bf5 4. g3 c6 5. Bg2 Nbd7 6. c4 e6 7. b3 Bd6 8. Bb2 0-0 9. 0-0 Qe7 10. Rc1 Ba3 11. Qc2 a5 12. h3 h6 13. Bxa3 Qxa3 14. Nb1 Qb4 15. Qc3 Rfc8 16. a3 Qxc3 17. Nxc3 Nc5 18. Nd4 Bg6 19. f4 a4 20. bxa4 Nxa4 21. f5 Nxc3 22. Rxc3 Bxf5 23. Nxf5 exf5 24. Rxf5 dxc4 25. dxc4 Re8 26. Bf3 Ne4 27. Bxe4 Rxe4 28. Kf2 g6 29. Rff3 b5 30. cxb5 cxb5 31. Rc7 Rae8 32. e3 R4e7 33. Rc3 Rd8 34. Rf4 Ra7 35. Rb4 Rda8 36. Rbb3 Kg7 37. Ke2 h5 38. Kd2 Kh6 39. Kc2 Rb8 40. Rc5 Rab7 41. Kc3 f5 42. Kb4 Kg5 43. Rc6 Re8 44. h4+ Kh6 45. Rd6 Re4+ 46. Rd4 Re8 47. Rc3 Ra8 48. Rd6 Ra4+ 49. Kb3 Rba7 50. Rcc6 Rxa3+ 51. Kb4 R3a4+ 52. Kb3 Rg7 53. Rd4 Rxd4 54. exd4 Rd7 55. Kc3 b4+ 56. Kc4 b3 57. Rb6 Kg7 58. Rxb3 f4 59. gxf4 Kf6 60. Rb5 Ra7 61. Kd3 Ra1 62. Ke3 Rh1 63. Ke4 Re1+ 64. Kf3 Rf1+ 65. Kg3 Rd1 66. d5 Kf5 67. Kf3 Rd3+ 68. Ke2 Rd4 69. Ke3 Re4+ 70. Kd3 Rxf4 71. Rb8 Ke5 72. Rg8 Rg4 73. Rd8 Rd4+ 74. Ke3 Rxd5 75. Rxd5+ Kxd5 76. Kf4 Ke6 77. Ke4 Kf7 78. Kf3 Ke7 79. Ke3 Kd7 80. Kf4 Ke6 81. Ke4 Kf7 82. Kf3 Kg7 83. Kg3 Kg8 84. Kg2 Kf8 85. Kf2 Ke8 86. Ke2 Kd8 87. Kf3 Ke7 88. Ke3 Kf7 89. Kf3 Ke7 90. Ke3 Kd7 91. Kf4 Ke6 92. Ke4 1/2-1/2

[Event "Kiev Spring op"]
[Site "Kiev"]
[Date "2023.03.30"]
[Round "8"]
[White "Kapechun, Mikhailo"]
[Black "Romanov, Vladimir"]
[Result "1-0"]
[WhiteElo "1600"]
[BlackElo "1992"]
[PlyCount "94"]
[EventDate "2023.03.25"]
[EventType "swiss"]
[EventRounds "9"]
[EventCountry "UKR"]
[SourceTitle "EXT 2024"]
[Source "ChessBase"]
[SourceDate "2023.10.10"]
[SourceVersion "1"]
[SourceVersionDate "2023.10.10"]
[SourceQuality "1"]

1. Nf3 Nf6 2. g3 d5 3. Bg2 c6 4. 0-0 Bf5 5. d4 e6 6. c4 Nbd7 7. Nc3 Bd6 8. b3 0-0 9. Bb2 h6 10. Nd2 Bb4 11. a3 Bxc3 12. Bxc3 Ne4 13. Nxe4 Bxe4 14. f3 Bg6 15. e4 dxe4 16. fxe4 e5 17. Kh1 exd4 18. Qxd4 f6 19. Qd6 Rf7 20. Rad1 Qe8 21. Rfe1 Bh5 22. Rd2 Nf8 23. Qc5 Re7 24. h3 Bg6 25. Rde2 Nd7 26. Qf2 Ne5 27. Rd2 b6 28. Rd6 c5 29. Rd5 Bf7 30. Rd2 Rd8 31. Red1 Rxd2 32. Rxd2 Bg6 33. Qf4 Kh7 34. Kh2 a5 35. Rd6 a4 36. Rxb6 axb3 37. Bxe5 Rxe5 38. Rxb3 Qa8 39. Rd3 Qa4 40. Rd5 Qxc4 41. Rxe5 fxe5 42. Qxe5 Qc2 43. a4 c4 44. a5 Qa2 45. Qd4 c3 46. a6 c2 47. Qc3 c1Q 1-0

[Event "Kiev Spring op"]
[Site "Kiev"]
[Date "2023.03.28"]
[Round "5"]
[White "Mamedov, Ruslan"]
[Black "Kapechun, Mikhailo"]
[Result "1-0"]
[WhiteElo "2202"]
[BlackElo "1600"]
[PlyCount "69"]
[EventDate "2023.03.25"]
[EventType "swiss"]
[EventRounds "9"]
[EventCountry "UKR"]
[SourceTitle "EXT 2024"]
[Source "ChessBase"]
[SourceDate "2023.10.10"]
[SourceVersion "1"]
[SourceVersionDate "2023.10.10"]
[SourceQuality "1"]

1. e4 c6 2. d4 d5 3. f3 dxe4 4. fxe4 e5 5. Nf3 Be6 6. Bg5 Be7 7. Bxe7 Qxe7 8. d5 Bg4 9. Bc4 Nd7 10. Nc3 Ngf6 11. h3 Bh5 12. g4 Bg6 13. Qe2 0-0 14. 0-0-0 cxd5 15. exd5 Qc5 16. Nh4 Rac8 17. Nxg6 hxg6 18. Bb3 Qb4 19. Rhf1 a5 20. a3 Qb6 21. d6 Rxc3 22. bxc3 Rc8 23. g5 Rxc3 24. Kb2 Re3 25. Qc4 a4 26. Qxf7+ Kh7 27. gxf6 Nxf6 28. Rxf6 axb3 29. Qxg6+ Kg8 30. Qf7+ Kh7 31. cxb3 Re2+ 32. Kb1 Qe3 33. Qg6+ Kg8 34. Qd3 Qc1+ 35. Rxc1 1-0